| 000 | 01162nam a22001337a 4500 | ||
|---|---|---|---|
| 082 |
_a894.812.3 _bMUK/D |
||
| 245 | _aDELHI GADHAKAL | ||
| 246 |
_aDELHI GADHAKAL _bDELHI GADHAKAL |
||
| 260 |
_aKOTTAYAM,INDIA _bD C BOOKS _c2023 |
||
| 300 | _a573 | ||
| 520 | _aമുകുന്ദൻ തന്റെ നാൽപതുവർഷത്തെ ഡൽഹി വാസത്തിൽ കണ്ട എല്ലാത്തരം കാഴ്ചകളും ഒരു സാധാരണക്കാരന്റെ ദൃഷ്ടിയിൽ ഈ കൃതിയിൽ അവതരിപ്പിക്കുന്നു. 1961-ലാണ് കഥ ആരംഭിക്കുന്നത്. അടിയന്തരാവസ്ഥ, യുദ്ധങ്ങൾ, സിഖ് കൂട്ടക്കൊല,ഇന്ദിരാ ഗാന്ധി വധം, സ്ഫോടനപരമ്പരകൾ എന്നിവ ഡെൽഹിയെ എങ്ങനെ ബാധിക്കുന്നു എന്നതിന്റെ നേർക്കാഴ്ചകളാണ് നോവലിന്റെ ഇതിവൃത്തം. | ||
| 650 | _aMALAYALAM NOVEL | ||
| 942 | _cBK | ||
| 999 |
_c8673 _d8673 |
||